00438nam a2200145Ia 4500001001000000003000500010008006200015008004100077010001100118040000900129110003900138245005400177260003400231650002700265Para_9173CHAP a0002004004 0000000000 00220125s2004 xx 000 0 und d a209202 cCHAP aAmerican Phytopathological Society aOrnamental palm diseases and disorders /c by APS aSt. Paul, Minn. :b APS Press aPalmas x enfermedades